| 000 | 00515nam a22001697a 4500 | ||
|---|---|---|---|
| 999 |
_c9076 _d9076 |
||
| 008 | 210322b ||||| |||| 00| 0 eng d | ||
| 040 | _aBMS College of Architecture | ||
| 100 | _aKhan, Hasib, Zahra | ||
| 245 | _aCentre for astronomy Bangalore | ||
| 300 | _aNA | ||
| 500 | _a1BM07AT052 | ||
| 502 |
_8B.Arch _NBMS College of Architecture, Visvesvaraya Technological University _aProject report _d2012 |
||
| 650 | _aBangalore | ||
| 700 |
_aShobha M N _eGuide |
||
| 700 |
_aK R Madhu Chand _eGuide |
||
| 942 |
_2ddc _cTHE |
||